000 00725nam a2200229Ia 4500
005 20250508170103.0
008 008 250505s9999 xx 000 0 eng d
020 _a978-1-138-33851-7
037 _aReference
040 _aFEDL
_beng
_cFEDL
041 _aeng
_2eng
084 _a371.102, MER/RR
_qFEDL
100 _aMercer Neil Ed.
_9780830
245 0 _aRoutledge international handbook of research on dialogic education
260 _aLondon, UK
_bRoutledge
_c2020
300 _axxiv, 689p.
365 _aGBP
_b190
490 _aThe Routledge International Handbook series
700 _a Wegerif Rupert Ed. Major Louis Ed.
_9782972
942 _cREF
_h371.102, MER/RR
999 _c1399147
_d1399147